000 01364nam a2200325Ia 4500
005 20220520110256.0
008 130821s20082011xxu gr eng
020 _a9781433102134 (V.1)
020 _a9781433110658 (V.2)
022 _a1526-3169
040 _aCo-BoUCM
_bspa
_cDeissy Garcia (modificó)
_d[Nuevo]
041 0 0 _aeng
245 0 0 _aMaking online news
_cedición David Domingo, Chris Paterson
260 _aNueva York (Estados Unidos)
_bPater Lang
_c2008-2011
300 _avolúmenes
490 0 _aDigital Formations
_v67 / Steve Jones
490 0 _aDigital Formations
_v49 / Steve Jones
500 _aBibliografía Básica - Escuela de Ciencias Humanas - Pregrado en Periodismo y Opinión Pública
504 _aIncluye referencias bibliográficas e índices
505 _r[V.1] The ethnography of new media production -- V.2. Newsroom ethnographies in the second decade of internet journalism
650 _aInternet (Red de computadores)
_vAspectos sociales
_958458
650 _aMedios de comunicación de masas
_919235
650 _aPeriodismo en internet
_921349
650 _aPeriodismo
_vAspectos sociales
_97909
650 _aSociología
_9386
700 1 _aDomingo, David
_eeditor
_9144275
700 1 _aPaterson, Chris
_eeditor
_9144276
942 _cLIBRO
_a5
_e1
_mM235
_2DEWEY
_h302.23
_n0
999 _c76059
_d76059